000 00487nam a2200181Ia 4500
008 240925s9999 xx 000 0 und d
020 _a133344835
082 _a621.317 RAS
100 _aRashid, Muhammad H.
245 0 _aPower Electronics: circuits, devices and applications
250 _a2nd
260 _aNew York:
_bJohn Wiley & Sons
_c,1993.
300 _axxiv,1144p.
_bNA
_fPhotocopy
500 _aNA
600 _aElectronic Engineering
650 _aTechnology
942 _cBK
999 _c8430
_d8430